<?xml version="1.0" encoding="UTF-8"?>
<record
    xmlns:xsi="http://www.w3.org/2001/XMLSchema-instance"
    xsi:schemaLocation="http://www.loc.gov/MARC21/slim http://www.loc.gov/standards/marcxml/schema/MARC21slim.xsd"
    xmlns="http://www.loc.gov/MARC21/slim">

  <leader>00873cam a2200229 a 4500</leader>
  <controlfield tag="001">24000</controlfield>
  <controlfield tag="003">BD-RjUL</controlfield>
  <controlfield tag="005">20211209001010.0</controlfield>
  <controlfield tag="008">150624s1974    bg            000 0bben</controlfield>
  <datafield tag="035" ind1=" " ind2=" ">
    <subfield code="a">(BD-RjUL)24065</subfield>
  </datafield>
  <datafield tag="040" ind1=" " ind2=" ">
    <subfield code="a">BD-RjUL</subfield>
    <subfield code="c">BD-RjUL</subfield>
    <subfield code="d">BD-RjUL</subfield>
    <subfield code="b">ben</subfield>
  </datafield>
  <datafield tag="041" ind1=" " ind2=" ">
    <subfield code="a">ben</subfield>
  </datafield>
  <datafield tag="082" ind1="0" ind2="4">
    <subfield code="a">891.443</subfield>
    <subfield code="b">CHD 1974</subfield>
  </datafield>
  <datafield tag="100" ind1=" " ind2=" ">
    <subfield code="a">&#x99A;&#x99F;&#x9CD;&#x99F;&#x9CB;&#x9AA;&#x9BE;&#x9A7;&#x9CD;&#x9AF;&#x9BE;&#x9AF;&#x9BC;, &#x9AC;&#x999;&#x9CD;&#x995;&#x9BF;&#x9AE;&#x99A;&#x9A8;&#x9CD;&#x9A6;&#x9CD;&#x9B0;</subfield>
    <subfield code="9">116961</subfield>
  </datafield>
  <datafield tag="245" ind1=" " ind2=" ">
    <subfield code="a">&#x9A6;&#x9C1;&#x9B0;&#x9CD;&#x997;&#x9C7;&#x9B6;&#x9A8;&#x9A8;&#x9CD;&#x9A6;&#x9BF;&#x9A8;&#x9C0; /</subfield>
    <subfield code="c">&#x9AC;&#x999;&#x9CD;&#x995;&#x9BF;&#x9AE;&#x99A;&#x9A8;&#x9CD;&#x9A6;&#x9CD;&#x9B0; &#x99A;&#x99F;&#x9CD;&#x99F;&#x9CB;&#x9AA;&#x9BE;&#x9A7;&#x9CD;&#x9AF;&#x9BE;&#x9AF;&#x9BC;.</subfield>
  </datafield>
  <datafield tag="260" ind1=" " ind2=" ">
    <subfield code="a">&#x9A2;&#x9BE;&#x995;&#x9BE; :</subfield>
    <subfield code="b">&#x9AE;&#x9C1;&#x995;&#x9CD;&#x9A4;&#x9A7;&#x9BE;&#x9B0;&#x9BE;,</subfield>
    <subfield code="c">&#x9E7;&#x9EF;&#x9ED;&#x9EA;.</subfield>
  </datafield>
  <datafield tag="300" ind1=" " ind2=" ">
    <subfield code="a">&#x9E7;&#x9EB;&#x9EC; &#x9AA;&#x9C3;. ;</subfield>
    <subfield code="c">&#x9E8;&#x9E7; &#x9B8;&#x9C7;&#x9AE;&#x9BF;.</subfield>
  </datafield>
  <datafield tag="650" ind1=" " ind2=" ">
    <subfield code="a">&#x9AC;&#x9BE;&#x982;&#x9B2;&#x9BE; &#x9B8;&#x9BE;&#x9B9;&#x9BF;&#x9A4;&#x9CD;&#x9AF;</subfield>
    <subfield code="v">&#x989;&#x9AA;&#x9A8;&#x9CD;&#x9AF;&#x9BE;&#x9B8;</subfield>
    <subfield code="9">116625</subfield>
  </datafield>
  <datafield tag="650" ind1=" " ind2=" ">
    <subfield code="a">Bengali literature</subfield>
    <subfield code="v">Novels</subfield>
    <subfield code="9">116939</subfield>
  </datafield>
  <datafield tag="942" ind1=" " ind2=" ">
    <subfield code="2">ddc</subfield>
    <subfield code="c">BK</subfield>
    <subfield code="0">1</subfield>
  </datafield>
  <datafield tag="999" ind1=" " ind2=" ">
    <subfield code="c">24000</subfield>
    <subfield code="d">24000</subfield>
  </datafield>
  <datafield tag="952" ind1=" " ind2=" ">
    <subfield code="0">0</subfield>
    <subfield code="1">0</subfield>
    <subfield code="2">ddc</subfield>
    <subfield code="4">0</subfield>
    <subfield code="7">0</subfield>
    <subfield code="8">FIC</subfield>
    <subfield code="a">RUCL</subfield>
    <subfield code="b">RUCL</subfield>
    <subfield code="c">Stack</subfield>
    <subfield code="d">1977-04-26</subfield>
    <subfield code="e">&#x987;&#x989;&#x9B0;&#x9C7;&#x995;&#x9BE; &#x9AC;&#x9C1;&#x995; &#x98F;&#x99C;&#x9C7;&#x9A8;&#x9CD;&#x9B8;&#x9C0;</subfield>
    <subfield code="g">7.00</subfield>
    <subfield code="l">7</subfield>
    <subfield code="o">B 891.443 CHD 1974</subfield>
    <subfield code="r">2025-06-16 00:00:00</subfield>
    <subfield code="s">2025-05-20</subfield>
    <subfield code="t">C-2</subfield>
    <subfield code="w">2015-06-24</subfield>
    <subfield code="y">BK</subfield>
  </datafield>
  <datafield tag="952" ind1=" " ind2=" ">
    <subfield code="0">0</subfield>
    <subfield code="1">0</subfield>
    <subfield code="2">ddc</subfield>
    <subfield code="4">0</subfield>
    <subfield code="7">0</subfield>
    <subfield code="8">FIC</subfield>
    <subfield code="a">RUCL</subfield>
    <subfield code="b">RUCL</subfield>
    <subfield code="c">Stack</subfield>
    <subfield code="d">1977-04-26</subfield>
    <subfield code="e">&#x987;&#x989;&#x9B0;&#x9C7;&#x995;&#x9BE; &#x9AC;&#x9C1;&#x995; &#x98F;&#x99C;&#x9C7;&#x9A8;&#x9CD;&#x9B8;&#x9C0;</subfield>
    <subfield code="g">7.00</subfield>
    <subfield code="l">9</subfield>
    <subfield code="o">B 891.443 CHD 1974</subfield>
    <subfield code="r">2025-08-21 00:00:00</subfield>
    <subfield code="s">2025-08-04</subfield>
    <subfield code="t">C-3</subfield>
    <subfield code="w">2015-06-24</subfield>
    <subfield code="y">BK</subfield>
  </datafield>
</record>
